[Event "FRA Cup final"]
[Site "Paris"]
[Date "2002.05.25"]
[Round "1.1"]
[White "Kramnik, Vladimir"]
[Black "Vallejo Pons, Francisco"]
[Result "1/2-1/2"]
[WhiteElo "2809"]
[BlackElo "2638"]
[Annotator "Lutz,C"]
[PlyCount "59"]
[EventDate "2002.05.25"]
[EventType "team"]
[EventRounds "1"]
[EventCountry "FRA"]
[SourceTitle "CBM 090"]
[Source "ChessBase"]
[SourceDate "2002.09.20"]
[SourceVersion "1"]
[SourceVersionDate "2002.09.20"]
[SourceQuality "1"]
[WhiteTeam "Paris NAO"]
[BlackTeam "Montpellier"]
[WhiteTeamCountry "FRA"]
[BlackTeamCountry "FRA"]

1. d4 d5 2. c4 c6 3. Nf3 Nf6 4. Nc3 e6 5. Bg5 h6 6. Bxf6 Qxf6 7. e3 Nd7 8. Qc2
g6 9. cxd5 {Kramnik wählt den Übergang in die Karlsbader Bauernstruktur. In
dieser Form sollte der weiße Aufbau nicht viel versprechen, aber Kramnik hofft
wohl auf sein besseres Stellungsverständnis.} exd5 10. Bd3 Bg7 11. O-O O-O 12.
b4 {Weiß geht zum üblichen Minoritätsangriff b2-b4-b5 über.} Qd6 13. Rab1 a6 $5
{Vallejo wählt einen interessanten Aufbau am Damenflügel, der allerdings mit
gewissen Risiken behaftet ist.} (13... Nb6 {ist der Standardplan.} 14. a4 (14.
b5 c5 $11) 14... Be6 15. a5 Nd7 {mit einer ausgeglichenen Stellung. Schwarz
hält seine Bauern flexibel und spielt ggf. ...b7-b6, so dass auch ...c6-c5
einmal möglich ist.}) 14. Rfc1 b5 {Die Pointe des schwarzen Aufbau besteht
darin, dass er das Feld c4 für seinen Springer hat. Nachteilig ist natürlich
der rückständige Bauer auf c6. Der normale Plan dagegen betseht im
Bauernvorstoß e3-e4, aber Kramnik spielt anders.} 15. Ne2 (15. e4 Nb6 $5) 15...
Bb7 16. h4 h5 17. Nf4 Bh6 18. g3 {Kramnik versucht erst einmal seine Figuren
auf gute Felder zu stellen, ehe er zu Aktivitäten übergeht. Schwarz muss auf
die schwachen Felder e5 und g5 aufpassen.} a5 $5 {Schwarz sucht eine Klärung
am Damenflügel.} (18... Nb6 19. Qc5 $5 {/\} Qxc5 20. bxc5 Nd7 (20... Nc4 21.
Bxc4 dxc4 22. Ne5 $36) 21. Nxd5 cxd5 22. c6 $16) 19. a4 {Weiß hält konsequent
dagegen.} (19. a3 $6 axb4 20. axb4 {würde Schwarz keine Probleme geben, da die
a-Linie geöffnet und der Pb4 schwach wäre.}) 19... axb4 20. axb5 Rfc8 21. bxc6
Rxc6 22. Qb2 {Formal gesehen hat Schwarz nun zwei isolierte Bauern auf b4 und
d5. Aber Weiß ist nicht richtig in der Lage, diese anzugreifen.} Bf8 23. Ng5 (
23. Rxc6 Bxc6 24. Bc2 Nb6 25. Nd3 Nc4 {/\} 26. Qxb4 $2 Qf6 $19) 23... Be7 (
23... Nb6 $5) 24. Rxc6 Bxc6 25. Bc2 Nb6 26. Nd3 Nc4 27. Qxb4 Qd8 $11 {Durch
den indirekten Abtausch des Pb4 gegen den Ph4 entasteht eine ausgeglichene
Stellung.} 28. Qc3 Bxg5 29. hxg5 Qxg5 30. Ne5 (30. Ne5 Nxe5 31. dxe5 Bd7)
1/2-1/2

[Event "RUS-chT 05th"]
[Site "Maikop"]
[Date "1998.06.03"]
[Round "1"]
[White "Notkin, Maksim"]
[Black "Galkin, Alexander"]
[Result "1/2-1/2"]
[WhiteElo "2505"]
[BlackElo "2565"]
[Annotator "Lutz,C"]
[PlyCount "43"]
[EventDate "1998.06.03"]
[EventType "team-tourn"]
[EventRounds "11"]
[EventCountry "RUS"]
[SourceTitle "CBM 066"]
[Source "ChessBase"]
[SourceDate "1998.09.30"]
[SourceVersion "1"]
[SourceVersionDate "1998.09.30"]
[SourceQuality "1"]
[WhiteTeam "Moscow Apiko-Yakimanka"]
[BlackTeam "Maykop Universitet"]
[WhiteTeamCountry "RUS"]
[BlackTeamCountry "RUS"]

1. d4 d5 2. c4 c6 3. Nc3 Nf6 4. Nf3 e6 5. Bg5 h6 6. Bh4 dxc4 7. e4 g5 8. Bg3 b5
9. Be2 Bb7 10. h4 {Khalifmans Idee.} g4 11. Ne5 h5 12. O-O Nbd7 $5 {Eine
Verbesserung.} (12... Bg7 $6 {wurde in A.Khalifman-I.Morovic (Parnu 1998)
gespielt.}) 13. Qc2 Nxe5 14. Bxe5 Rg8 {Schwarz kann nicht mehr kurz rochieren,
aber das war angesichts seiner geschwächten Bauernstellung ohnehin keine
wirkliche Idee.} 15. Rad1 {Ich bin mir nicht sicher, ob wirklich dieser Turm
nach d1 gehört. Da der Vorstoß f2-f3(f4) mit Risiken behaftet ist (die g-Linie
wird geöffnet), konnte vielleicht auch der Königsturm nach d1.} (15. Rfd1 $5) (
15. a4 $5 a6 16. Rfd1 Nd7 17. Bg3 Qb6 $13 {mit der Idee} 18. d5 Nc5) 15... Nd7
16. Bg3 Qb6 17. b3 {Weiß hat zwar Kompensation für den Bauern (starkes Zentrum,
unsicherer schwarzer König, Entwicklungsvorsprung), aber um einen Fortschritt
zu erzielen, muß er seine Bauern einsetzen. Aber wie ? Nach f2-f3(f4) wird die
g-Linie geöffnet, e4-e5 schließt den Bg3 ein, d4-d5 schwächt die Felder c5 und
e5.} cxb3 18. axb3 Bb4 19. Na2 (19. d5 $5 {kam in Betracht.} a6 (19... Qc5 20.
Rc1 Bxc3 21. Qxc3 Qxc3 22. Rxc3 {ist sehr gefährlich für Schwarz.}) 20. dxe6
fxe6 21. Na2 Be7 22. b4 {mit der Idee Qb3} c5 {ist sehr unklar.}) 19... Be7 20.
Nc3 Bb4 {Es ist für Schwarz schwer, einen konstruktiven Zug zu finden. Die
lange Rochade kommt wegen Nxb5 nicht in Frage.} 21. Na2 Be7 22. Nc3 1/2-1/2

[Event "RUS-chT 05th"]
[Site "Maikop"]
[Date "1998.06.04"]
[Round "2"]
[White "Savchenko, Stanislav"]
[Black "Iskusnyh, Sergei"]
[Result "1-0"]
[WhiteElo "2595"]
[BlackElo "2455"]
[Annotator "Lutz,C"]
[PlyCount "53"]
[EventDate "1998.06.03"]
[EventType "team-tourn"]
[EventRounds "11"]
[EventCountry "RUS"]
[SourceTitle "CBM 066"]
[Source "ChessBase"]
[SourceDate "1998.09.30"]
[SourceVersion "1"]
[SourceVersionDate "1998.09.30"]
[SourceQuality "1"]
[WhiteTeam "Noyabrsk Yamal"]
[BlackTeam "Novokuznetsk"]
[WhiteTeamCountry "RUS"]
[BlackTeamCountry "RUS"]

1. d4 d5 2. c4 c6 3. Nf3 Nf6 4. Nc3 e6 5. Bg5 h6 6. Bh4 dxc4 7. e4 g5 8. Bg3 b5
9. Be2 b4 $6 {Eher zweifelhaft. Schwarz ruiniert seinen Damenflügel, bekommt
dafür aber den Pe4 und den schwarzfeldrigen Läufer.} (9... Bb7) (9... Nbd7) 10.
Na4 Nxe4 11. Be5 Nf6 12. Bxc4 Nbd7 13. O-O g4 14. Nd2 Nxe5 15. dxe5 Nd7 16. Re1
(16. f4 gxf3 17. Qxf3 (17. Nxf3 Bg7 18. Re1 Qa5 19. Qd6 Qxa4 20. Bxe6 fxe6 21.
Qxe6+ Kd8 22. Qf7 Re8 23. Qxg7 Re7 24. Qxh6 Qb5 25. Red1 Qc5+ 26. Kh1 Qc4 27.
Nd4 Bb7 28. Rac1 Qd5 29. Nxc6+ Bxc6 30. Rxd5 Bxd5 31. Qh8+ Re8 {Nikuljshin,
K-Burmakin,V/Spring op 1993/EXT 97/1-0 (63)}) 17... Nxe5 18. Qf2 Bg7 19. Ne4
O-O 20. Rad1 Qe7 21. Be2 Bd7 22. Nac5 Be8 23. Rd2 Rd8 24. Rxd8 Qxd8 25. Rd1 Qe7
26. Nd6 f5 27. Qe3 Bf7 28. Ncb7 Ng4 29. Bxg4 fxg4 30. b3 e5 31. Qxa7 Bd5 32.
Qc5 Qh4 33. Qe3 e4 34. Nxe4 Bxe4 35. g3 Qe7 36. Nc5 Rf3 {0-1 Neurohr,S-Beikert,
G/BL2-S 1992/BL2}) (16. Qxg4 Nxe5 17. Qe4 Nxc4 18. Nxc4 Qd5 19. Qf4 Ba6 20. Ne5
O-O-O 21. Nxc6 Bd6 22. Qc1 Kd7 23. Nxd8 Bxf1 24. Qxf1 Rxd8 25. b3 Ke7 26. Rc1
Qd2 27. Qe1 Bf4 28. Qxd2 Rxd2 29. g3 Bd6 30. Rc8 Rxa2 {Chiburdanidze,
M-Galliamova,A/FIDE Candidates W 1997/EXP 62/1/2-1/2 (52)}) 16... h5 (16... Qa5
$5) 17. f4 Nb6 $2 {Ein klarer Fehler. Zum einen behält Weiß den starken Pe5,
zum anderen wird der momentan inaktive Na4 gegen den wichtigen
Defensivspringer abgetauscht.} (17... gxf3 18. Nxf3 Bb7 {nebst ...Qa5(c7) und
langer Rochade.}) 18. Nxb6 Qxb6+ 19. Kh1 $16 {Es gibt kaum noch eine
Verteidigung gegen Ne4 und f5.} Be7 20. Ne4 Bb7 21. f5 c5 22. fxe6 fxe6 23.
Nf6+ Bxf6 24. exf6 $18 Rd8 25. Qc2 Bd5 26. Bxd5 Rxd5 27. Qg6+ 1-0

[Event "Julian Borowski-A 4th"]
[Site "Essen"]
[Date "2002.05.19"]
[Round "4"]
[White "Kortschnoj, Viktor Lvovich"]
[Black "Zvjaginsev, Vadim"]
[Result "0-1"]
[WhiteElo "2635"]
[BlackElo "2645"]
[Annotator "Lutz,C"]
[PlyCount "84"]
[EventDate "2002.05.16"]
[EventType "tourn"]
[EventRounds "9"]
[EventCountry "GER"]
[EventCategory "16"]
[SourceTitle "CBM 090"]
[Source "ChessBase"]
[SourceDate "2002.09.20"]
[SourceVersion "1"]
[SourceVersionDate "2002.09.20"]
[SourceQuality "1"]

{[%mdl 1]} 1. d4 {Ftacnik} d5 2. c4 e6 3. Nc3 c6 4. Qb3 {Einmal mehr wählt
Kortschnoj einen Aufbau mit dem frühen Damenausfall.} Nf6 5. Nf3 dxc4 6. Qxc4
b5 7. Qd3 Nbd7 8. e4 b4 9. Na4 Qa5 10. b3 c5 11. e5 (11. Be2 $5 Bb7 12. e5 Nd5
13. O-O Be7 14. Bd2 O-O 15. Rfc1 Rfc8 16. Qb5 Qxb5 17. Bxb5 N5b6 $11 {0-1
Piket,J-Van Wely,L/Monte Carlo 1999/CBM 69 ext (40)}) (11. Bg5 Bb7 (11... cxd4
12. Bxf6 gxf6 13. Nxd4 Bb7 14. Nb5 Nc5 15. Nxc5 Bxc5 16. Rc1 Qb6 17. Rxc5 Qxc5
18. Nd6+ Ke7 19. Nxb7 Qb6 20. e5 fxe5 21. Be2 Rac8 22. Qe4 Rc1+ 23. Bd1 Qd4 24.
Qxd4 exd4 25. Na5 $13 {1/2-1/2 Filippov,V-Kharlov,A/Kemerovo 1995/CBM 50 (88)})
12. Bxf6 gxf6 13. Be2 (13. d5 $6 O-O-O $1 14. Be2 f5 $36 {Kortschnoj,
V-Ivanchuk,V/Lvov 2000/[Lutz]}) 13... O-O-O 14. O-O Kb8 15. d5 Nb6 16. Nxb6
Qxb6 17. Rad1 Bh6 18. Qc4 Rd6 19. dxe6 Rxe6 20. Rd5 $1 Rhe8 21. Bd3 Rd8 22. Rd1
Red6 23. Be2 Bxd5 24. exd5 Qb7 25. Qh4 Bf8 26. Bc4 $13 {1-0 Karpov,A-Gelfand,B/
Linares 1993 (45)}) 11... Nd5 12. Bd2 (12. Be2 cxd4 13. Qxd4 Ba6 14. Bd2 Be7
15. a3 $6 Bxe2 16. Kxe2 Qb5+ $1 17. Qc4 Qb8 $36 {0-1 Nikolic,P-Kramnik,V/Monte
Carlo 2000/CBM 76/[Lutz] (29)}) 12... Be7 13. Rc1 cxd4 14. Nxd4 $1 $146 {
Ftacnik: 'Both players are trying to keep up the high game, Kortschnoj is
principially fighting for the advantage despite modest location of the knight
on a4 and weak c3 square. '  Eine Verbesserung genüber 14.Qxd4. Der Springer
wirkt nach b5 und c6 und die Dame kann nach g3 schwenken. Im folgenden bediene
ich mich der Kommentare Vadim Zvjaginsevs in SCHACH 7/2002.} (14. Qxd4 O-O 15.
Bd3 Ba6 16. O-O Bxd3 17. Qxd3 N7b6 $11 {1/2-1/2 Tregubov,P-Hauchard,A/France
2001/EXT 2002 (53)}) 14... Bb7 (14... Nxe5 15. Qe4 (15. Qg3 {Ftacnik} Bf6 16.
f4 (16. a3 {Ftacnik} O-O 17. Nc2 $11) 16... Qd8 17. Rxc8 $3 Rxc8 18. fxe5 Bh4
19. Bb5+ Kf8 20. Nxe6+ (20. O-O {Ftacnik} Bxg3 21. Nxe6+ Ke7 22. Nxd8 Bxh2+ (
22... Rhxd8 {Ftacnik} 23. hxg3 Rc2 24. Rf2 $16) 23. Kxh2 Rhxd8 24. Bc4 $14)
20... fxe6 21. O-O+ Kg8 22. Qg4 Qe7 (22... Nc7 {Ftacnik} 23. Bc4 Qe7 24. Bxb4
h5 25. Qe4 Qg5 26. Rf4 $18) 23. g3 Rc2 24. Bh6 $16) 15... Bd6 16. f4 Ng4 17.
Bb5+ Ke7 18. Qe2 $16 {(Zvjaginsev) gibt Weiß sehr starken Angriff für den
Bauern.}) 15. Qg3 $6 {Verlockend, aber Schwarz hat eine starke Riposte.} (15.
Qb5 $1 Qxb5 16. Bxb5 {gibt Weiß laut Zvaginsev das etwas bessere Spiel, da
nach z.B.} a6 17. Bc6 Bxc6 18. Nxc6 {Weiß einen Springer auf c6 etablieren
kann.}) 15... O-O $1 {Schwarz bringt seinen König aus der Gefahrenzone. Das
Qualitätsopfer gibt ihm gutes Spiel.} 16. Bh6 {'?!' Ftacnik. Ftacnik: 'It is
difficult to blame white for underestimating opponent's chances, but
Zvjagincev's compensation for the exchange will be more than sufficient.'} (16.
Bb5 $1 {Ftacnik} N7b6 (16... Rfc8 $2 {Ftacnik} 17. Bxd7 Rxc1+ 18. Bxc1 Qc7 19.
Bh6 $18) 17. Bh6 g6 18. Bxf8 Bxf8 19. O-O $18) 16... g6 17. Bxf8 (17. Bb5 Rfd8
18. O-O (18. Bc6 $14 {Ftacnik}) 18... Nb8 $1 $11 {Zvjaginsev}) 17... Bxf8 {
Als Ersatz für die Qualität hat Schwarz die Kontrolle über die schwarzen
Felder und aktive Leichtfiguren.} 18. Be2 $2 (18. Bb5 {war laut Zvjaginsev
erzwungen, um das Gleichgewicht zu halten. Er gibt die folgende Varianten an:}
Bh6 {'!' Ftacnik.} 19. O-O (19. Rd1 {Ftacnik} Nf4 (19... Bf4 {Ftacnik} 20. Qh4
Nxe5 21. Nc5 $14) 20. O-O Nxe5 $13) 19... Bf4 20. Qh4 Bxc1 21. Rxc1 Nxe5 22.
Qe4 a6 23. Qxe5 axb5 24. Nc5 Rc8 25. Ndxe6 fxe6 26. Qxe6+ Kh8 27. Qe5+ $11 {
mit Dauerschach.}) (18. Rc4 {Ftacnik} Nc3 (18... Bh6 {Ftacnik} 19. Qh3 Bf4 20.
Nxe6 Re8 21. Nxf4 Nxf4 22. Qxd7 Rxe5+ $13) 19. Nxc3 bxc3 20. Nc2 Qxa2 21. Qxc3
Qb1+ 22. Kd2 Rd8 23. Rd4 Nc5 $15) 18... Bh6 $17 19. Rc2 (19. O-O Bf4 20. Qh4
Bxc1 21. Rxc1 Nxe5 22. Qe4 {ist im Vergleich zur Variante nach 18.Bb5 nicht
mehr effektiv, da Schwarz einfach} Nd7 {spielen kann.}) 19... Nf4 20. O-O (20.
Nf3 {Ftacnik} Nxe5 21. O-O (21. Nc5 {Ftacnik} Bxf3 22. Bxf3 Rc8 $19) 21...
Nxe2+ 22. Rxe2 Nxf3+ 23. gxf3 Qf5 $17) 20... Bxg2 {Kortschnoj hat einen
taktischen Gegenschlag vorbereitet, der leider einen kleinen Haken hat.} 21.
Qxg2 $5 {Ftacnik: 'Ingenious idea in the defense, white has decided to catch
black's queen on a5 in a very original way.'} (21. Bf3 {Ftacnik} Bxf1 22. Bxa8
Ba6 23. Kh1 Qd8 24. Be4 Nxe5 $19) (21. Rd1 {Ftacnik} Be4 22. Rc4 Nxe5 23. Rc5
Qd8 $17) 21... Nxg2 22. Nc6 {So war's geplant, die Dame ist wegen des Schachs
auf e7 auf dem offenen Brett gefangen. Aber Zvjaginsev hat weiter gerechnet.}
Ne3 $3 {Ftacnik: 'The refutation of the concept is equally fascinating, only
this move is disturbing white's idea.'} 23. fxe3 $6 (23. Nxa5 $142 Nxc2 24. Nc6
Bf4 25. Bd3 Na3 26. Re1 a5 $17 {Zvjaginsev}) 23... Bxe3+ 24. Kg2 (24. Rf2 Rc8
$1 25. Ne7+ Kg7 26. Nxc8 Bxf2+ 27. Kxf2 Qxe5 $19 {Zvjaginsev}) 24... Qd5+ 25.
Bf3 Qd3 $19 {Die Dame ist entfleucht, damit ist die Partie besiegelt.} 26. Rb2
(26. Nxb4 Qb5 $19 {Zvjaginsev}) 26... Qb5 27. Re1 Bg5 28. Rd1 Nb6 29. Nd4 Qe8
30. Nxb6 axb6 31. Bxa8 Qxa8+ {Hätte Weiß noch seine Königsflügelbauern, wäre
die Sache noch nicht so schlimm. So aber steht natürlich glatt auf Verlust.}
32. Nf3 Bf4 33. Kf2 Qe4 34. Re2 Qf5 35. h4 h6 36. Rg1 g5 37. hxg5 hxg5 38. Ree1
Kf8 39. Nd4 Qh3 40. Rg2 Qh4+ 41. Ke2 Bxe5 42. Nf3 Qe4+ 0-1

[Event "RUS-ch51"]
[Site "St Petersburg"]
[Date "1998.08.02"]
[Round "6"]
[White "Ivanov, Sergey"]
[Black "Dreev, Alexey"]
[Result "1-0"]
[WhiteElo "2550"]
[BlackElo "2645"]
[Annotator "Lutz,C"]
[PlyCount "95"]
[EventDate "1998.07.28"]
[EventType "swiss"]
[EventRounds "11"]
[EventCountry "RUS"]
[SourceTitle "CBM 067"]
[Source "ChessBase"]
[SourceDate "1998.11.30"]
[SourceVersion "2"]
[SourceVersionDate "1998.11.01"]
[SourceQuality "1"]

1. d4 d5 2. c4 c6 3. Nf3 Nf6 4. Nc3 e6 5. Bg5 h6 6. Bh4 dxc4 7. e4 g5 8. Bg3 b5
9. Be2 Nbd7 $5 {Es ist bemerkenswert, daß Dreev nicht das üblichere 9...Bb7
spielt. Hat er möglicherweise Angst vor 9...Bb7 10.h4, was in Khalifman-Dreev 
(Presidents Cup 1998) mit einem Sieg des Weißen endete ?} (9... Bb7) (9... b4)
(9... Bb4) 10. e5 {Eine eigenständige Variante. 10.Qc2 Bb7 oder 10.Be2 Bb7
würde zu bekannten Varianten führen, wobei im letzteren Fall auch 10...b4!? zu
bedenken ist.} (10. d5 b4 11. dxe6 fxe6 (11... bxc3 12. exd7+ Bxd7 13. bxc3
Nxe4 14. Be5 f6 15. Qc2 Bf5 16. Nd4 Bg6 17. Bf3 Qd5 18. Bxf6 Rg8 19. O-O Kf7
20. Rfe1 Re8 21. Bd8 g4 22. Bxg4 Qxd8 23. Qa4 Qd5 24. Qxa7+ Kf6 25. Re3 Bc5 26.
Rf3+ Kg5 27. Qc7 Qd6 28. Qxd6 Bxd6 29. Bd7 Bh5 30. Rf5+ Kg6 31. Re1 c5 32. Nc6
Nf6 33. Bxe8+ Kxf5 34. Bxh5 Nxh5 35. Na5 Be5 36. Nxc4 Bxc3 37. Nd6+ Kg6 38.
Re6+ Nf6 39. Ne4 Kf5 40. Nxf6 Bxf6 41. Rc6 Bd4 42. Rxh6 Ra8 {0-1 Savchenko,
S-Sveshnikov,E/Moscow 1991/TD 91\03 (42)}) 12. Na4 Be7 13. Bxc4 Nb6 14. Qc2
Nxc4 15. Qxc4 O-O 16. O-O Qe8 17. Rfe1 Nh5 18. Be5 Nf4 19. Bxf4 gxf4 20. Nc5
Qg6 21. Rac1 Kh7 22. e5 Rb8 23. Qe4 Rb5 24. Qxg6+ Kxg6 25. Ne4 c5 26. Nd6 Ra5
27. b3 Bd7 28. Rc2 Bc6 29. Rec1 Bxf3 30. gxf3 Bxd6 31. exd6 Rd8 32. Rxc5 Rxa2
33. Rd1 Kf6 34. Rc4 e5 35. Rxb4 Ke6 36. Rb7 Rxd6 37. Rxd6+ Kxd6 38. Rh7 a5 39.
Rxh6+ Kc5 40. Re6 Kd5 41. Ra6 Ra3 42. Kg2 e4 43. fxe4+ Kxe4 44. h4 Kf5 45. h5
Rxb3 46. h6 Rb7 47. Rxa5+ Kg6 48. Ra6+ Kg5 49. Kf3 Rc7 50. Ke4 Re7+ 51. Kd5
Rd7+ 52. Ke5 Re7+ 53. Re6 Rxe6+ 54. Kxe6 Kxh6 55. Kf5 f3 56. Kf4 Kg6 57. Kxf3
Kf5 {1/2-1/2 Cramling,P-Galliamova Ivanchuk,A/Belgrade 1996/EXT 96b (57)})
10... Nd5 $146 {[%mdl 8]} (10... Nh5 11. Nd2 Nxg3 12. fxg3 Be7 13. Bh5 Rf8 14.
Qg4 Qb6 15. O-O Nxe5 16. Qe4 Nd7 17. Rxf7 Rxf7 18. Rf1 Nf6 19. Qg6 Qxd4+ 20.
Kh1 Bd7 21. Qxf7+ Kd8 22. Nf3 Qc5 23. Rd1 Kc7 24. Nd4 Rd8 25. Bf3 e5 26. b4
Qxb4 27. Ndxb5+ cxb5 28. Nd5+ Nxd5 29. Qxd5 Rb8 30. Qxd7+ Kb6 31. Qc6+ Ka5 32.
Qc7+ Rb6 33. Qxa7+ Ra6 34. Qc7+ Rb6 35. Qa7+ Ra6 36. Qc7+ Rb6 37. Qa7+ Ra6 {
1/2-1/2 Danschczyk,C-Werner,M/BL9495 1995/BL 90}) 11. h4 g4 12. Nd2 h5 13. Nde4
Bb7 14. O-O a6 15. a4 Qb6 16. a5 {Mir gefällt dieser Zug nicht richtig. Zwar
vertreibt Weiß die Dame von b6, aber der Druck gegen b5 wird aufgehoben, und
Schwarz kann leichter zu ...c6-c5 kommen.} (16. Kh2 $5 {und Schwarz muß erst
einmal einen konstruktiven Zug finden. Weiß kann ggf. mit f2-f3 operieren.})
16... Qa7 17. Qd2 Bh6 $2 {Ich verstehe nicht, warum Schwarz sich die Rochade
verderben läßt.} (17... c5 {sieht natürlich aus.} 18. Nxd5 (18. Qg5 Nxc3) (18.
dxc5 Nxc3 19. Nxc3 O-O-O) 18... Bxd5 19. Nd6+ Bxd6 20. exd6 cxd4 21. Qg5 f6 22.
Qg6+ (22. Qg7 O-O-O $17) 22... Kd8 23. Qg7 Re8 {und die schwarzen Bauern
werden gefährlich.}) 18. Nd6+ Kf8 19. Qc2 c5 20. dxc5 Nb4 21. Qd1 Nxc5 22.
Ndxb5 $2 {Dieses Opfer erscheint mir unnötig.} (22. Kh2 Ncd3 23. f3 {ergibt
einen starken Angriff fast zum "Null-Tarif".}) 22... axb5 23. Qd6+ Kg8 24. Nxb5
Bf8 25. Qd4 Qa6 26. Nd6 Qc6 $17 {Weiß hat nicht genügend Kompensation für die
Figur. Im weiteren Verlauf stellt Schwarz jedoch alles ein. Zeitnot?} 27. f3
Ncd3 28. Bxd3 Bxd6 29. exd6 Nxd3 30. Rad1 Qd5 (30... Qc5 $2 31. Rxd3) 31. Qf6
Rh7 32. b3 Rg7 (32... cxb3 $5) 33. bxc4 Qc5+ 34. Kh2 Rg6 35. Qc3 Nb4 36. d7 Nc6
37. Bc7 Qe7 38. g3 e5 39. f4 Nd4 $2 (39... exf4 40. Bxf4 Re6 $13) 40. d8=Q+
Rxd8 41. Bxd8 Qxd8 42. fxe5 Ra6 43. Rxd4 Qxa5 44. Qe3 Bf3 45. Qg5+ Rg6 46. Qd8+
Qxd8 47. Rxd8+ Kh7 48. Rd7 1-0

[Event "Bad Homburg"]
[Site "Bad Homburg"]
[Date "1998.07.23"]
[Round "6"]
[White "Gabriel, Christian"]
[Black "Zhu, Chen"]
[Result "1-0"]
[WhiteElo "2555"]
[BlackElo "2490"]
[Annotator "Lutz,C"]
[PlyCount "45"]
[EventDate "1998.07.17"]
[EventType "tourn"]
[EventRounds "9"]
[EventCountry "GER"]
[EventCategory "13"]
[SourceTitle "CBM 066"]
[Source "ChessBase"]
[SourceDate "1998.09.30"]
[SourceVersion "1"]
[SourceVersionDate "1998.09.30"]
[SourceQuality "1"]

1. d4 d5 2. c4 c6 3. Nf3 Nf6 4. Nc3 e6 5. Bg5 h6 6. Bh4 dxc4 7. e4 (7. a4 Bb4
8. Qc2 Nbd7 9. e3 b5 10. Be2 Bb7 11. O-O a6 12. e4 Qb6 13. Rfd1 O-O 14. Ne5
Rfe8 15. Nxf7 $1 {Das gleiche Motiv in einer anderen Version - Weiß opfert den
Ne5, gefolgt von e4-e5 und Öffnung der Diagonalen c2-h7.} Kxf7 16. e5 Bxc3 (
16... Nd5 17. Nxd5 cxd5 18. Qh7 Rg8 19. Bh5+ Kf8 20. Qg6 $18) 17. exf6 Nxf6 18.
Bxf6 Kxf6 19. Qxc3 Ke7 20. Bh5 Rf8 21. Qg3 g5 22. h4 Rad8 23. a5 Qa7 24. hxg5
Rf5 25. Re1 Rxg5 26. Qc7+ Rd7 27. Rxe6+ Kxe6 28. Re1+ Kf6 29. Qxd7 Rxh5 30.
Re6+ {1-0 Hala,B-Golubovic,B/Hradec Kralove op 1992/EXT 92op}) 7... g5 8. Bg3
b5 9. Qc2 g4 $6 {M.E. ist die Annahme des zweiten Bauerns viel zu riskant.} (
9... Bb7 10. Be2 Nbd7 {ist besser, mit Übergang zu bekannten Stellungen. Durch
die frühe Damenentwicklung (im Vergleich zur Variante 9.Be2) stehen Weiß
allerdings einige Möglichkeiten nicht mehr zur Verfügung.}) 10. Ne5 Qxd4 11.
Rd1 Qb6 12. Be2 h5 13. Ng6 $1 $16 {Dieses Motiv sollte man sich merken,
vergleiche auch die Anmerkung zu 7.e4.} fxg6 14. e5 Kf7 15. exf6 e5 ({Die
Stammpartie von 13.Ng6! ging anders weiter :} 15... Bb4 16. O-O Bxc3 17. Qxc3
a5 18. Bf4 Nd7 19. Kh1 Qc5 20. f3 g3 21. Bxg3 h4 22. Bf2 Qf5 23. Rd6 Ra6 24. b3
cxb3 25. a4 Qc2 26. Qe3 Nxf6 27. Bd3 Qa2 28. axb5 Ra8 29. Qg5 Rg8 30. Bxh4 Qb2
31. Rb1 Qc3 32. Rxb3 Qa1+ 33. Rb1 {1-0 Aseev,K-Popov,V/RUS-chT 1995/CBM 51/
[Makarichev]}) 16. Ne4 {Angesichts des schwarzen Entwicklungsrückstandes ist
die Sache klar.} Bb4+ 17. Kf1 Re8 (17... Nd7 18. Bh4 $5) 18. a3 Bf8 (18... Bc5
19. b4 $18 {ändert nicht viel.}) 19. Rd6 $1 $18 {Mit der tödlichen Drohung
Ng5+.} Bh6 20. h3 gxh3 21. Bxh5 $1 Bf5 22. Ng5+ Bxg5 23. Qxf5 {Ein schwungvoll
vorgetragener Angriff.} 1-0